Data Protection: Laws and Regulations 2025 (Record no. 8535)
[ view plain ]
| 000 -LEADER | |
|---|---|
| fixed length control field | 00332nam a2200133Ia 4500 |
| 008 - FIXED-LENGTH DATA ELEMENTS--GENERAL INFORMATION | |
| fixed length control field | 260604s9999 xx 000 0 und d |
| 020 ## - INTERNATIONAL STANDARD BOOK NUMBER | |
| International Standard Book Number | 9781647287184 |
| 082 ## - DEWEY DECIMAL CLASSIFICATION NUMBER | |
| Classification number | 004 KAP |
| 100 ## - MAIN ENTRY--PERSONAL NAME | |
| Personal name | William kaplan |
| 9 (RLIN) | 35711 |
| 245 #0 - TITLE STATEMENT | |
| Title | Data Protection: Laws and Regulations 2025 |
| 260 ## - PUBLICATION, DISTRIBUTION, ETC. | |
| Name of publisher, distributor, etc. | Willford Press |
| 500 ## - GENERAL NOTE | |
| General note | IT, Data |
| 942 ## - ADDED ENTRY ELEMENTS (KOHA) | |
| Koha item type | Book |
| Date last seen | Total Checkouts | Full call number | Barcode | Cost, replacement price | Price effective from | Koha item type | Lost status | Damaged status | Not for loan | Withdrawn status | Home library | Current library | Shelving location | Date acquired | Cost, normal purchase price | BOOK NO |
|---|---|---|---|---|---|---|---|---|---|---|---|---|---|---|---|---|
| 06/04/2026 | 004 KAP | 004153 | 13872.50 | 06/04/2026 | Book | Indian Institute of Management Visakhapatnam | Indian Institute of Management Visakhapatnam | 06/04/2026 | 13872.50 | KAP |